| 000 | 01035nam a22002897a 4500 | ||
|---|---|---|---|
| 005 | 20100709115723.0 | ||
| 008 | 100709t xxu||||| |||| 00| 0 eng d | ||
| 010 | _aENG-96370 | ||
| 020 |
_a9780070699717 _c375.00 |
||
| 020 |
_a0070699712 _c375.00 |
||
| 035 | _aEN-79903 | ||
| 037 | _bDBAD/PUB | ||
| 040 |
_aDPL _bEng |
||
| 082 | _a620.0044 | ||
| 100 |
_aPatranabis,D. _916475 |
||
| 245 |
_aPrinciples of industrial instrumentation / _cby D.Patranabis |
||
| 250 | _a3rd ed | ||
| 260 |
_aNew Delhi _bTata McGraw Hill _c2010 |
||
| 270 |
_a7, West Patel Nagar _bNew Delhi _e110008 |
||
| 300 |
_a xiii, 560 p.: _c24cm. (pbk) _bill. |
||
| 500 | _aIncludes bibliographical references and index. | ||
| 650 |
_aEngineering instruments. _916476 |
||
| 650 |
_aPhysical instruments. _916477 |
||
| 650 |
_aEngenharia Mecanica _916478 |
||
| 942 |
_2ddc _cEN _mPAT _h620.0044 |
||
| 999 |
_c36853 _d36853 |
||